000 00570nam a2200217Ia 4500
999 _c41636
_d41636
001 8305
003 GE_BSU
005 20240429162705.0
008 181216s2013||||enk|||||||||||||| ||eng||
020 _a978058259212
040 _cGE_BSU
080 _a811.111(075) B-96
100 _aBurger, Sally
_914850
245 _aGoing for GOLD :
_bLanguage maximizer /
_cSally Burger.
264 _aEdinburgh :
_bLongman,
_c2013.
300 _a136 p. :
_bIll. ;
_c27cm.
_eCD.
541 _h21 Gel.
653 _aGoing for GOLD
653 _aLanguage maximizer
942 _cBK
_2udc